• 首页
  • 本馆介绍
  • 公告通知
  • 最新文献
  • 馆藏检索
  • 电子资源
  • 读者导购
  • 参考咨询
  • 我的图书馆
  • 登录
  • 详细信息显示
  • 放入我的书架
  • 预约/预借图书
  • 作者相关作品
  • 分类相关作品
  • 丛书相关作品
  • 出版社相关作品

书目信息

  • 表格格式
  • 工作单格式
  • 卡片格式
题名:
唐代域外天文学
    
 
作者: 钮卫星 著
分册:  
出版信息: 上海   上海交通大学出版社  2019.12
页数: 299页
开本: 22cm
丛书名:
单 册:
中图分类: P1-092
科图分类:
主题词: 天文学--tian wen xue--科学交流--中国--唐代
电子资源:
ISBN: 978-7-313-21176-7
000 00893nam0 2200241 450
001 0109110208
005 20201109110338.0
010    @a978-7-313-21176-7@b精装@dCNY98.00
100    @a20200602d2019 em y0chiy50 ea
101 0  @achi
102    @aCN@b310000
105    @aa z 001yy
106    @ar
200 1  @a唐代域外天文学@Atang dai yu wai tian wen xue@f钮卫星著
210    @a上海@c上海交通大学出版社@d2019.12
215    @a299页@c图@d22cm
300    @a上海市浦江人才计划资助
330    @a本书通过考察域外天文学与唐代的社会、宗教、政治、文化等因素之间的互动关系,来探求和辨析唐代域外来华的天文学内容,揭示外来天文学与本土天文学发生冲撞和融合的过程,探讨外来天文学所带来的冲击和影响。
606 0  @a天文学@Atian wen xue@x科学交流@y中国@z唐代
690    @aP1-092@v5
701  0 @a钮卫星@Aniu wei xing@f(1968-)@4著
801  0 @aCN@bBJSZM@c20201103
905    @b1240468-70@dP1-092@e323@f3
    
    唐代域外天文学/钮卫星著.-上海:上海交通大学出版社,2019.12
    299页:图;22cm
    上海市浦江人才计划资助
    
    ISBN 978-7-313-21176-7(精装):CNY98.00
    本书通过考察域外天文学与唐代的社会、宗教、政治、文化等因素之间的互动关系,来探求和辨析唐代域外来华的天文学内容,揭示外来天文学与本土天文学发生冲撞和融合的过程,探讨外来天文学所带来的冲击和影响。
●
相关链接 在E读中查询图书 在五车中查询图书 在当当中查询图书 在豆瓣中查询图书


正题名:唐代域外天文学     索取号:P1-092/323         预约/预借

序号 登录号 条形码 馆藏地/架位号 状态 备注
1 1240468   212404682   第二样本阅览室/ [索取号:P1-092/323] 在馆    
2 1240469   212404691   第三借阅区/ [索取号:P1-092/323] 在馆    
3 1240470   212404708   第三借阅区/ [索取号:P1-092/323] 在馆    
唐山师范学院图书馆 欢迎您!
大连网信软件有限公司© 版权所有